KOHA-Header-6

مواہب ربّانیہ (Record no. 13545)

000 -LEADER
fixed length control field 00328nam a22001217a 4500
082 ## - DEWEY DECIMAL CLASSIFICATION NUMBER
Classification number 297
Item number اخ ت
100 ## - MAIN ENTRY--AUTHOR NAME
Personal name محمّد اختر
245 ## - TITLE STATEMENT
Title مواہب ربّانیہ
260 ## - PUBLICATION, DISTRIBUTION, ETC. (IMPRINT)
Place of publication کراچی
Name of publisher کتب خانہ مظہری
Year of publication ١٩٩٩
300 ## - PHYSICAL DESCRIPTION
Number of Pages ٥٩٩ صفحات
650 ## - SUBJECT ADDED ENTRY--TOPICAL TERM
Topical Term Islam, Mawahib e Rabbania
942 ## - ADDED ENTRY ELEMENTS (KOHA)
Koha item type Books
Holdings
Withdrawn status Lost status Collection code Permanent Location Current Location Shelving location Date acquired Full call number Accession Number Koha item type
    Islamic Studies MAJU MAJU Shelf No.A-9 2022-12-13 297 اخ ت 10642 Books

Powered by Koha